TERRORIST, NATURAL AND MAN MADE DISASTERS (Record no. 1160942)

MARC details
000 -LEADER
fixed length control field 00356nam a2200133Ia 4500
008 - FIXED-LENGTH DATA ELEMENTS--GENERAL INFORMATION
fixed length control field 240521s2006 xx 000 0 und d
020 ## - INTERNATIONAL STANDARD BOOK NUMBER
International Standard Book Number 3-931884-25-2
041 ## - LANGUAGE CODE
Language code of text/sound track or separate title eng
082 ## - DEWEY DECIMAL CLASSIFICATION NUMBER
Classification number 363.1703
100 ## - MAIN ENTRY--PERSONAL NAME
Personal name GREENBERG M.I.
245 ## - TITLE STATEMENT
Title TERRORIST, NATURAL AND MAN MADE DISASTERS
260 ## - PUBLICATION, DISTRIBUTION, ETC.
Name of publisher, distributor, etc. JONES AND BARTLETT PUBLICATION LONDON
Date of publication, distribution, etc. 2006
300 ## - PHYSICAL DESCRIPTION
Extent 295

No items available.